| 000 | 00447nam a2200169 a 4500 | ||
|---|---|---|---|
| 001 | 1598 | ||
| 003 | CDMR | ||
| 005 | 20131024110412.0 | ||
| 008 | 130130s ||||||||||||||||||||||||||||d | ||
| 040 |
_aCDMR _bcat _cCDMR |
||
| 100 | 1 |
_aBethencourt Machado, Tomás _9866 |
|
| 245 | 1 | 0 | _aIdeas técnicas sobre la radio |
| 260 | _bInstituto Oficial de Radio y Televisión | ||
| 300 |
_a12 p. _c30 cm |
||
| 650 | 0 | 4 |
_92384 _aRàdio _xTècnica |
| 942 |
_cMON _2udc |
||
| 999 |
_c1598 _d1598 |
||